Medición de la calidad del servicio en redes móviles
Сохранить в:
| Главный автор: | |
|---|---|
| Формат: | |
| Опубликовано: |
[San José, Costa Rica]
2007
|
| Предметы: | |
| Метки: |
Добавить метку
Нет меток, Требуется 1-ая метка записи!
|
MARC
| LEADER | 00000nam a2200000Ia 4500 | ||
|---|---|---|---|
| 001 | 5754 | ||
| 003 | 001232 | ||
| 005 | 20221231144055.0 | ||
| 008 | 140114s2007 cr a 000 ||s d | ||
| 040 | |c cru CEDI | ||
| 100 | |a Thuel Gutiérrez, José Andrés |9 3171 | ||
| 245 | |a Medición de la calidad del servicio en redes móviles | ||
| 260 | |c 2007 |b [San José, Costa Rica] | ||
| 300 | |a xii, 67 hojas; ilustraciones | ||
| 500 | |a Proyecto de graduación (bachillerato en ingeniería eléctrica)--Universidad de Costa Rica. Facultad de Ingeniería. Escuela de Ingeniería Eléctrica | ||
| 650 | |x TELEFONIA |x REDES DE TELECOMUNICACIONES |x CALIDAD DEL SERVICIO |9 4144 | ||
| 942 | |c BK | ||
| 999 | |c 16505 |d 16505 | ||
